झारखण्ड में मुण्डा का आर्थिक इतिहास / (Record no. 118965)

MARC details
000 -LEADER
fixed length control field 01133nam a22002657a 4500
005 - DATE AND TIME OF LATEST TRANSACTION
control field 20170124103124.0
010 ## - LIBRARY OF CONGRESS CONTROL NUMBER
LC control number B-076481
020 ## - INTERNATIONAL STANDARD BOOK NUMBER
Terms of availability 600.00
035 ## - SYSTEM CONTROL NUMBER
System control number B-076481
037 ## - SOURCE OF ACQUISITION
Source of stock number/acquisition Cen Lib/Ret
040 ## - CATALOGING SOURCE
Original cataloging agency DPL
Language of cataloging HN
082 ## - DEWEY DECIMAL CLASSIFICATION NUMBER
Classification number 307.772
Item number अनिल
100 ## - MAIN ENTRY--PERSONAL NAME
Personal name अनिल कुमार
9 (RLIN) 103822
245 ## - TITLE STATEMENT
Title झारखण्ड में मुण्डा का आर्थिक इतिहास /
Statement of responsibility, etc अनिल कुमार
246 ## - VARYING FORM OF TITLE
Title proper/short title Jharkhand mein munda ka aarthik itihas /
Remainder of title by Anil Kumar
260 ## - PUBLICATION, DISTRIBUTION, ETC. (IMPRINT)
Place of publication, distribution, etc पटना
Name of publisher, distributor, etc जानकी प्रकाशन
Date of publication, distribution, etc 2002
270 ## - ADDRESS
Address अशोक राजपथ, चौहटा
City पटना
Postal code 700004
300 ## - PHYSICAL DESCRIPTION
Extent 387पृ.
Dimensions 21सेमी (सजिल्द )
500 ## - GENERAL NOTE
General note अनुक्रमणिका शामिल
650 ## - SUBJECT ADDED ENTRY--TOPICAL TERM
Topical term or geographic name as entry element आर्थिक इतिहास
General subdivision
Geographic subdivision
9 (RLIN) 103823
650 ## - SUBJECT ADDED ENTRY--TOPICAL TERM
Topical term or geographic name as entry element आर्थिक इतिहास--झारखण्ड
Form subdivision
9 (RLIN) 82714
650 ## - SUBJECT ADDED ENTRY--TOPICAL TERM
Topical term or geographic name as entry element Economic History
9 (RLIN) 6496
650 ## - SUBJECT ADDED ENTRY--TOPICAL TERM
Topical term or geographic name as entry element Economic History--Jharkhand
9 (RLIN) 82715
942 ## - ADDED ENTRY ELEMENTS (KOHA)
Source of classification or shelving scheme Dewey Decimal Classification
Koha item type Hindi Books
Classification part 307.772
Call number suffix अनिल
Holdings
Withdrawn status Lost status Damaged status Not for loan Home library Current library Date acquired Source of acquisition Cost, normal purchase price Total Checkouts Full call number Barcode Date last seen Date checked out Copy number Cost, replacement price Price effective from Koha item type
        Central Library Central Library 14/09/2015 Cen Lib/Ret 600.00 1 307.772 अनिल B-076481 05/10/2017 23/08/2017 1 600.00 14/09/2015 Hindi Books

© Delhi Public Library
Hit Counter
free hit counter